| 000 | 00800nam a2200265Ia 4500 | ||
|---|---|---|---|
| 003 | OSt | ||
| 005 | 20220927104317.0 | ||
| 006 | a|||||r|||| 00| 0 | ||
| 007 | ta | ||
| 008 | 220926b |||||||| |||| 00| 0 eng d | ||
| 020 | _a9211124646 | ||
| 024 | _a70418 | ||
| 037 | _cReference Collections | ||
| 040 |
_aRTL _cRTL _beng |
||
| 041 |
_2eng _aeng |
||
| 082 | _a"X65.688.N9, P0/UN" | ||
| 110 | _aUnited Nations Conference on Trade and Development | ||
| 245 | 0 |
_aInvestment policy review _b Ugnada |
|
| 260 |
_aNew _bYork United Nations USA _c2000 |
||
| 300 |
_a"ix, 65p." _ccm. |
||
| 650 | _aInvestment | ||
| 700 | _aUnited Nations Conference on Trade and Development | ||
| 942 |
_h"X65.688.N9, P0/UN" _cCC |
||
| 999 |
_c686605 _d686605 |
||